Miasta w województwie świętokrzyskim - Statystyki

Ogólne statystyki
  • Ten quiz został rozwiązany 187 razy
    34 od ostatniego zresetowania
  • Średni wynik to 37 z 51
Statystyki odpowiedzi
Miasto Liczba mieszkańców % Poprawnych
Kielce 179 694
100%
Sandomierz 20 834
100%
Jędrzejów 13 742
94%
Końskie 17 036
94%
Opatów 5769
94%
Ostrowiec Świętokrzyski 60 695
94%
Busko-Zdrój 14 019
89%
Kazimierza Wielka 4938
89%
Skarżysko-Kamienna 40 360
89%
Starachowice 43 516
89%
Chmielnik 3320
83%
Pińczów 9492
83%
Włoszczowa 9352
83%
Chęciny 4282
78%
Ćmielów 2733
78%
Daleszyce 2712
78%
Klimontów 1714
78%
Łagów 1503
78%
Małogoszcz 3290
78%
Ożarów 4083
78%
Pacanów 1021
78%
Staszów 13 278
78%
Bodzentyn 2053
72%
Działoszyce 822
72%
Kunów 2669
72%
Morawica 1711
72%
Opatowiec 306
72%
Suchedniów 7307
72%
Nowa Słupia 1265
67%
Nowy Korczyn 876
67%
Pierzchnica 1173
67%
Połaniec 7286
67%
Radoszyce 2736
67%
Sędziszów 6044
67%
Stąporków 4982
67%
Wiślica 446
67%
Łopuszno 1432
61%
Osiek 1947
61%
Piekoszów 2972
61%
Wąchock 2391
61%
Wodzisław 908
61%
Zawichost 1567
61%
Bogoria 1092
56%
Gowarczów 1290
56%
Koprzywnica 2332
56%
Sobków 989
56%
Stopnica 1098
56%
Szydłów 944
56%
Iwaniska 1200
50%
Oleśnica 1708
44%
Skalbmierz 1175
44%
Nie znaleziono quizów pasujących do podanych kryteriów
Rozkład punktacji
Procent ludzi z każdym wynikiem
Percentyl według liczby udzielonych odpowiedzi
Twoja historia wyników
Nie rozwiązałeś tego quizu od ostatniego zresetowania